000 00620cam a22002293a 4500
001 11970
003 PGUSA
005 20140828083243.0
008 040401s2004||||xxu|||||s|||||000 1 eng d
040 _aPGUSA
_beng
042 _adc
050 4 _aPR
100 1 _aBrame, Charlotte M.,
_d1836-1884
245 1 0 _aWife in Name Only
_h[electronic resource] /
_cCharlotte M. Brame
260 _bProject Gutenberg,
_c2004
506 _aPublic domain in the USA.
516 _aElectronic text
653 _aFiction
830 0 _aProject Gutenberg
_v11970
856 4 0 _uhttp://www.gutenberg.org/ebooks/11970
942 _cEB
999 _c241225
_d241225